[Event "Corr"]
[Site "?"]
[Date "1998.??.??"]
[Round "?"]
[White "Kofidis Spyros"]
[Black "Korolev Sergey Ivanovich"]
[Result "1/2-1/2"]
[WhiteElo "2615"]
[BlackElo "2630"]
[PlyCount "73"]
[EventDate "1998.??.??"]
[Source "www.chesslib.no"]
[SourceDate "2004.05.04"]

1. e4 c5 2. Nf3 Nf6 3. e5 Nd5 4. Nc3 e6 5. Nxd5 exd5 6. d4 Qb6 7. Bd3 cxd4 8. O-O Nc6 9. Ng5 Be7 10. Nxh7 d6 11. exd6 Bxd6 12. f4 Rxh7 13. Bxh7 g6 14. f5 Bxf5 15. Rxf5 gxf5 16. Bxf5 d3+ 17. Kh1 dxc2 18. Qxc2 Be5 19. Qe2 Ke7 20. Bf4 Qxb2 21. Qxb2 Bxb2 22. Rb1 Kf6 23. Bd7 Be5 24. Bxe5+ Nxe5 25. Rxb7 Nxd7 26. Rxd7 Ke6 27. Rb7 Rc8 28. Kg1 Rc1+ 29. Kf2 Rc2+ 30. Kf3 Rxa2 31. h4 Ra3+ 32. Kf2 a5 33. g3 a4 34. h5 Ra2+ 35. Kf3 a3 36. Ra7 Ra1 37. g4 1/2-1/2

[Event "Presidents Cup"]
[Site "Elista"]
[Date "1998.05.12"]
[Round "2.3"]
[White "Bologan, Viktor"]
[Black "Sakaev, Konstantin"]
[Result "1/2-1/2"]
[WhiteElo "2580"]
[BlackElo "2620"]
[PlyCount "53"]
[EventDate "1998.05.07"]
[Source "ChessBase"]
[SourceDate "1998.08.06"]

1. e4 c5 2. Nf3 Nf6 3. d4 cxd4 4. Nxd4 e5 5. Nb3 d6 6. Be3 Be6 7. Nc3 a6 8. h3 Be7 9. Qf3 b5 10. O-O-O O-O 11. g4 b4 12. Nd5 Nxd5 13. exd5 Bd7 14. Bd3 Bb5 15. Kb1 Bxd3 16. cxd3 Nd7 17. Nd2 Bg5 18. Nc4 Bxe3 19. fxe3 Nb6 20. Na5 Na4 21. Nc6 Qb6 22. Ka1 Qb5 23. e4 Nc5 24. h4 f6 25. g5 Qb7 26. Qg4 a5 27. g6 1/2-1/2

[Event "Lewkowitz Memorial B"]
[Site "Lewkowitz Memorial B"]
[Date "1994.??.??"]
[Round "?"]
[White "Normantas, Valentinas P"]
[Black "Podkrajsek, Janez"]
[Result "1/2-1/2"]
[WhiteElo "2620"]
[BlackElo "2540"]
[PlyCount "70"]
[EventDate "1994.??.??"]
[Source "www.chesslib.no"]
[SourceDate "2004.05.04"]

1. e4 c5 2. Nf3 Nf6 3. Nc3 d5 4. Bb5+ Nc6 5. exd5 Nxd5 6. Ne4 e6 7. O-O Be7 8. Bxc6+ bxc6 9. b3 O-O 10. Ne5 Qc7 11. Nd3 f5 12. Ng3 e5 13. f3 Bd6 14. Bb2 Bd7 15. Qe2 Rae8 16. Rae1 Re6 17. Qd1 g6 18. Re2 c4 19. Nf2 cxb3 20. axb3 h5 21. Rfe1 h4 22. Nf1 Nf4 23. Re3 Rfe8 24. d4 Qb6 25. Nd2 exd4 26. Rxe6 Rxe6 27. Nc4 Qd8 28. Rxe6 Bxe6 29. Nxd6 Qxd6 30. Nd3 c5 31. Nxf4 Qxf4 32. Qe1 Qe3+ 33. Qxe3 dxe3 34. Ba3 c4 35. Bc5 cxb3 1/2-1/2

[Event "Augustow Open U18"]
[Site "Augustow"]
[Date "1996.??.??"]
[Round "?"]
[White "Sulewska, J."]
[Black "Lulkiewicz, T."]
[Result "1-0"]
[WhiteElo "2680"]
[BlackElo "2480"]
[PlyCount "67"]
[EventDate "1996.??.??"]
[Source "www.chesslib.no"]
[SourceDate "2004.05.04"]

1. e4 c5 2. Nf3 Nf6 3. Nc3 e6 4. Be2 Bd6 5. e5 Be7 6. exf6 Bxf6 7. d3 b5 8. Nxb5 Qa5+ 9. Nc3 Bxc3+ 10. bxc3 Qxc3+ 11. Bd2 Qb2 12. O-O Qf6 13. Bg5 Qf5 14. c3 h6 15. Be3 d6 16. d4 Ba6 17. Bxa6 Nxa6 18. dxc5 dxc5 19. Qe2 Nc7 20. Nh4 Qe5 21. Qf3 O-O 22. Rac1 Qd5 23. Qxd5 Nxd5 24. Bxc5 Rac8 25. Bd4 Rc4 26. Nf3 Nf4 27. Rc2 Re8 28. Bxa7 e5 29. Re1 Rd8 30. Nxe5 Rc7 31. Bb6 f6 32. Bxc7 Rd5 33. Nf3 Nd3 34. Rd1 1-0

[Event "Politiken Cup"]
[Site "Helsingor DAN"]
[Date "2008.07.22"]
[Round "5"]
[White "Aagaard, J."]
[Black "Landa, K."]
[Result "1-0"]
[WhiteElo "2531"]
[BlackElo "2615"]
[PlyCount "133"]
[EventDate "2008.07.19"]
[Source "www.chesslib.no"]
[SourceDate "2004.05.04"]

1. e4 c5 2. Nf3 Nf6 3. Nc3 d5 4. Bb5+ Bd7 5. e5 Bxb5 6. Nxb5 Nfd7 7. e6 fxe6 8. Ng5 Qb6 9. Qe2 e5 10. c4 d4 11. Qf3 Nf6 12. Qf5 Nbd7 13. Qe6 Qxe6 14. Nc7+ Kd8 15. Ngxe6+ Kc8 16. Nxa8 Ne8 17. d3 Kb8 18. O-O Kxa8 19. Bg5 h6 20. Bh4 g5 21. Bg3 Ng7 22. Nd8 Nh5 23. Nf7 Rg8 24. Nxe5 Nxg3 25. Nxd7 Nxf1 26. Kxf1 e5 27. Nxe5 Kb8 28. Re1 Kc7 29. h3 Bg7 30. Ng6 Bf6 31. Ne7 Rf8 32. Nf5 h5 33. Ng3 h4 34. Ne4 Be7 35. Nd2 Kd6 36. Nf3 Bf6 37. Re4 Rb8 38. Rg4 b5 39. cxb5 Rxb5 40. Nd2 Kd5 41. Nc4 Rb8 42. Re4 a5 43. b3 Rf8 44. Re2 Bd8 45. Re5+ Kc6 46. a4 Bc7 47. Rxg5 Bg3 48. Ne5+ Bxe5 49. Rxe5 Rb8 50. f4 Rxb3 51. f5 Kd6 52. Re4 Kd5 53. f6 Rb1+ 54. Kf2 Rb2+ 55. Kf3 Rb1 56. Kg4 Rf1 57. Rf4 Rxf4+ 58. Kxf4 Ke6 59. Ke4 Kxf6 60. Kd5 Kf5 61. Kxc5 Kf4 62. Kxd4 Kg3 63. Ke3 Kxg2 64. d4 Kxh3 65. d5 Kg4 66. d6 h3 67. Kf2 1-0

[Event "Aeroflot Open"]
[Site "Moscow"]
[Date "2004.02.18"]
[Round "2"]
[White "Sadvakasov, Darmen"]
[Black "Khismatullin, Denis"]
[Result "1/2-1/2"]
[WhiteElo "2611"]
[BlackElo "2534"]
[PlyCount "33"]
[EventDate "2004.02.17"]
[Source "Roberto Alvarez"]
[SourceDate "2004.03.01"]

1. e4 c5 2. Nf3 Nf6 3. e5 Nd5 4. g3 Nc6 5. Bg2 d6 6. exd6 e6 7. O-O Bxd6 8. d4 O-O 9. c4 Nb6 10. dxc5 Bxc5 11. Qe2 e5 12. Be3 Bxe3 13. fxe3 e4 14. Nfd2 h5 15. h4 Ne5 16. Rd1 a6 17. Nf3 1/2-1/2

[Event "6th Festival Gp A"]
[Site "Nancy FRA"]
[Date "2008.02.19"]
[Round "2"]
[White "Guliyev, N."]
[Black "Sikula, V."]
[Result "1-0"]
[WhiteElo "2570"]
[BlackElo "2550"]
[PlyCount "103"]
[EventDate "2008.02.18"]
[Source "www.chesslib.no"]
[SourceDate "2004.05.04"]

1. e4 c5 2. Nf3 Nf6 3. Nc3 d5 4. exd5 Nxd5 5. Bb5+ Bd7 6. Ne5 Nf6 7. Nxd7 Nbxd7 8. d4 a6 9. Be2 cxd4 10. Qxd4 e6 11. Ne4 Qc7 12. Nxf6+ Nxf6 13. Qa4+ Qd7 14. Qb3 Bd6 15. O-O O-O 16. Bf3 Rab8 17. g3 Qc7 18. a4 b6 19. Rd1 a5 20. Be3 Rfd8 21. Rd2 Bc5 22. Rad1 Rxd2 23. Rxd2 Bxe3 24. Qxe3 Rd8 25. Qe5 Qe7 26. Rxd8+ Qxd8 27. c3 h6 28. b4 axb4 29. cxb4 Nd5 30. Qd4 f6 31. Qc4 Kf7 32. Qb5 Ke7 33. a5 bxa5 34. bxa5 Kd6 35. a6 Qc7 36. Kg2 Qa7 37. Bxd5 exd5 38. Kf3 Qd4 39. Qb8+ Kd7 40. Qb1 Qa4 41. Qf5+ Ke7 42. Qd3 Kd6 43. g4 Qa1 44. h3 Qh1+ 45. Ke2 Qa1 46. Qb5 d4 47. Qb8+ Kd5 48. Qb7+ Kc5 49. a7 d3+ 50. Kd2 Kc4 51. Qc6+ Kb4 52. a8=Q 1-0

[Event "Asian Teams"]
[Site "Jodhpur"]
[Date "2003.04.12"]
[Round "6"]
[White "Zhang Zhong"]
[Black "Sriram, Jha"]
[Result "1/2-1/2"]
[WhiteElo "2666"]
[BlackElo "2451"]
[PlyCount "115"]
[EventDate "2003.04.07"]
[Source "Roberto Alvarez"]
[SourceDate "2003.04.14"]

1. e4 c5 2. Nf3 Nf6 3. e5 Nd5 4. b3 d6 5. Bb2 Bg4 6. h3 Bh5 7. Bb5+ Nc6 8. O-O Rc8 9. Re1 e6 10. Na3 a6 11. Bxc6+ Rxc6 12. Nc4 b5 13. Nxd6+ Bxd6 14. exd6 O-O 15. Re5 Bg6 16. d3 Qxd6 17. Nd2 f6 18. Re1 e5 19. a4 b4 20. Qf3 Nf4 21. Nc4 Qd5 22. Qg3 Ne6 23. Re2 Bh5 24. Re4 Bg6 25. Re3 Bf7 26. Rae1 Qd8 27. Qg4 Nf4 28. Rg3 Ng6 29. h4 Be6 30. Qe2 Nf4 31. Qe3 Bxc4 32. bxc4 Qd7 33. Qe4 a5 34. Bc1 Ne6 35. Qg4 Rf7 36. Bb2 Rd6 37. Ra1 Nf4 38. Qxd7 Ne2+ 39. Kh2 Rfxd7 40. Re3 Nd4 41. Rc1 Kf7 42. g3 Nc6 43. Kg2 b3 44. Ba3 Nb4 45. Bxb4 cxb4 46. cxb3 Rxd3 47. c5 R3d5 48. c6 Rc7 49. Re4 Rd3 50. Rc5 Rxb3 51. Rxa5 Rxc6 52. Rb5 Rc2 53. Rbxb4 Rxb4 54. Rxb4 Ra2 55. g4 Kg6 56. Kg3 h5 57. f3 Ra3 58. Kg2 1/2-1/2

[Event "Chigorin Memorial"]
[Site "Sochi RUS"]
[Date "1977.??.??"]
[Round "?"]
[White "Tal, Mikhail N"]
[Black "Zaitsev, Igor A"]
[Result "1-0"]
[WhiteElo "2620"]
[BlackElo "2495"]
[PlyCount "43"]
[EventDate "1977.08.31"]
[Source "www.chesslib.no"]
[SourceDate "2004.05.04"]

1. e4 c5 2. Nf3 Nf6 3. e5 Nd5 4. d4 cxd4 5. Qxd4 e6 6. Bc4 Nc6 7. Qe4 f5 8. Qe2 Nde7 9. Nc3 a6 10. h4 b5 11. Bb3 Qc7 12. Bd2 Bb7 13. O-O-O Na5 14. Kb1 Nxb3 15. cxb3 b4 16. Na4 Be4+ 17. Ka1 Nc6 18. Bg5 h6 19. Bf4 g6 20. Qe3 Rb8 21. Nd2 Bxg2 22. Qg3 1-0

[Event "Vinkovci CRO"]
[Site "Vinkovci CRO"]
[Date "1993.??.??"]
[Round "6"]
[White "Cvitan, Ognjen"]
[Black "Hulak, Krunoslav"]
[Result "1/2-1/2"]
[WhiteElo "2575"]
[BlackElo "2540"]
[PlyCount "22"]
[EventDate "1993.??.??"]
[Source "www.chesslib.no"]
[SourceDate "2004.05.04"]

1. Nf3 Nf6 2. e4 c5 3. Nh4 g5 4. d3 Ng8 5. c3 f5 6. Na3 Nc6 7. Qg4 d6 8. g3 c4 9. Qe2 b5 10. Bf4 Qb6 11. Bg2 Qc5 1/2-1/2

[Event "Mitropa Cup"]
[Site "Leipzig"]
[Date "2002.05.10"]
[Round "8.1"]
[White "Lutz, Christopher"]
[Black "Markos, Jan"]
[Result "1-0"]
[WhiteElo "2644"]
[BlackElo "2467"]
[PlyCount "120"]
[EventDate "2002.05.03"]
[Source "ChessBase"]
[SourceDate "2002.08.12"]

1. e4 c5 2. Nf3 Nf6 3. e5 Nd5 4. Nc3 e6 5. Nxd5 exd5 6. d4 d6 7. Bb5+ Nc6 8. O-O Be7 9. c4 a6 10. exd6 axb5 11. dxe7 Nxe7 12. cxb5 c4 13. a4 Bf5 14. Re1 O-O 15. Bd2 Ng6 16. Ra3 Re8 17. Rxe8+ Qxe8 18. Re3 Qd7 19. Ne5 Nxe5 20. Rxe5 f6 21. Re3 Re8 22. h3 Re4 23. Rxe4 dxe4 24. Bf4 Be6 25. Qd2 g5 26. Bg3 Bd5 27. h4 h6 28. hxg5 hxg5 29. Qa5 Kg7 30. Qc7 Qxc7 31. Bxc7 f5 32. a5 Kg6 33. a6 bxa6 34. bxa6 Kh5 35. a7 Kg4 36. Kf1 f4 37. Bd6 Ba8 38. Bc7 Bd5 39. Be5 Ba8 40. Bd6 Bd5 41. Ke2 e3 42. fxe3 Bxg2 43. exf4 gxf4 44. Bb4 Bf3+ 45. Kd2 Bd5 46. Kc2 Kf3 47. Bd2 Ke4 48. Kc3 f3 49. Be1 Ke3 50. a8=Q Bxa8 51. Kxc4 Ke4 52. Kc5 Kf5 53. Kd6 Bb7 54. b4 Ba6 55. Kc6 Bd3 56. b5 Be4+ 57. Kc7 Bd5 58. b6 Ke4 59. Bf2 Kd3 60. b7 Ke2 1-0

[Event "Leuven"]
[Site "?"]
[Date "2006.11.11"]
[Round "?"]
[White "Miroshnichenko Evgenij"]
[Black "Okhotnik Vladimir"]
[Result "1-0"]
[WhiteElo "2627"]
[BlackElo "2477"]
[PlyCount "139"]
[EventDate "2006.??.??"]
[Source "www.chesslib.no"]
[SourceDate "2004.05.04"]

1. Nf3 c5 2. e4 Nf6 3. e5 Nd5 4. b3 Nc6 5. Bb2 Nc7 6. Bd3 Ne6 7. Be4 g6 8. Bxc6 dxc6 9. O-O Bg7 10. d3 Nd4 11. Nbd2 Bg4 12. h3 Bxf3 13. Nxf3 Nxf3+ 14. Qxf3 Qd5 15. Qe3 b6 16. f4 e6 17. Rad1 O-O 18. Rd2 f6 19. c4 Qd7 20. d4 Qe7 21. dxc5 fxe5 22. Bxe5 Bxe5 23. Qxe5 Rf5 24. Qd6 Qxd6 25. Rxd6 Rxc5 26. Re1 Re8 27. Re5 Rxe5 28. fxe5 Re7 29. Rxc6 Kf7 30. c5 bxc5 31. Rxc5 g5 32. Kf2 h5 33. Ke3 h4 34. Ra5 Kg6 35. b4 Kf5 36. a4 Rb7 37. b5 Rd7 38. Kf3 Rf7 39. Ra6 Kxe5+ 40. Kg4 Kf6 41. Rc6 Rd7 42. Kf3 Kf5 43. Ke3 e5 44. Rc4 Rf7 45. a5 Ke6 46. b6 axb6 47. axb6 Rb7 48. Rb4 Kd5 49. Rb2 e4 50. Rb1 Kc6 51. Rb3 Kd7 52. Kxe4 Kc8 53. Kf5 Rg7 54. b7+ Kb8 55. Kg4 Rc7 56. Kxg5 Rg7+ 57. Kxh4 Rxg2 58. Kh5 Rc2 59. Rb5 Rc7 60. h4 Rh7+ 61. Kg5 Rg7+ 62. Kf6 Rg1 63. h5 Rf1+ 64. Kg6 Rg1+ 65. Kh7 Rg2 66. h6 Rd2 67. Kg7 Rd7+ 68. Kg6 Rd6+ 69. Kg5 Rd7 70. Rb6 1-0

[Event "Mind Sports Games - Rapid Ind"]
[Site "Pechino CINA"]
[Date "2008.10.06"]
[Round "7"]
[White "Aveskulov, V."]
[Black "Markos, J."]
[Result "1-0"]
[WhiteElo "2544"]
[BlackElo "2557"]
[PlyCount "49"]
[EventDate "2008.10.05"]
[Source "www.chesslib.no"]
[SourceDate "2004.05.04"]

1. e4 c5 2. Nf3 Nf6 3. Nc3 d5 4. exd5 Nxd5 5. Bb5+ Bd7 6. Ne5 Nf6 7. Qf3 Qc7 8. O-O e6 9. d4 cxd4 10. Bf4 Qb6 11. Nc4 Qc5 12. Qxb7 dxc3 13. Qxa8 Qxb5 14. b3 Bc6 15. Qxb8+ Qxb8 16. Bxb8 Bc5 17. Be5 Nd5 18. Rad1 Ke7 19. Bd4 Bxd4 20. Rxd4 g5 21. Ne3 Nf4 22. Re1 Bb5 23. Nd5+ Nxd5 24. Rxd5 a6 25. a4 1-0

[Event "TCh-AUT 1st Bundesliga 2007-8"]
[Site "Graz AUT"]
[Date "2008.03.14"]
[Round "9"]
[White "Baramidze, D."]
[Black "Horvath, Jo1"]
[Result "1-0"]
[WhiteElo "2582"]
[BlackElo "2519"]
[PlyCount "115"]
[EventDate "2008.03.14"]
[Source "www.chesslib.no"]
[SourceDate "2004.05.04"]

1. e4 c5 2. Nf3 Nf6 3. Nc3 d5 4. e5 Ne4 5. Nb1 c4 6. d3 cxd3 7. cxd3 Nc5 8. Be3 e6 9. Nc3 Nc6 10. d4 Ne4 11. Bd3 Nxc3 12. bxc3 Be7 13. h4 h6 14. Nd2 Bd7 15. Qg4 Kf8 16. Rh3 f5 17. exf6 Bxf6 18. Rf3 Kg8 19. Kf1 e5 20. Bf5 Bxf5 21. Qxf5 Qc8 22. Rb1 b6 23. dxe5 Nxe5 24. Rf4 Qxf5 25. Rxf5 Kf7 26. Bd4 Rhe8 27. Re1 Nd3 28. Rxe8 Rxe8 29. Nf3 Ke6 30. g4 Rf8 31. Ke2 Nc5 32. Bxf6 Rxf6 33. Nd4+ Kd6 34. Nb5+ Ke6 35. Nc7+ Kf7 36. Nxd5 Rxf5 37. gxf5 Ne4 38. Ke3 Nd6 39. Kf4 Nc4 40. Ne3 Nd2 41. h5 Kf6 42. Ng4+ Kf7 43. Ke5 Nc4+ 44. Kd5 Nb2 45. Kc6 Na4 46. c4 Nc5 47. Kc7 Ne4 48. Ne3 Kf6 49. f4 Nc5 50. Kb8 a6 51. Kc7 Na4 52. Kd6 Nc5 53. Kc6 Na4 54. a3 b5 55. cxb5 axb5 56. Kxb5 Nc3+ 57. Kc5 Ne4+ 58. Kc6 1-0

[Event "XXIV Open"]
[Site "Cappelle La Grande FRA"]
[Date "2008.02.16"]
[Round "1"]
[White "Fedorchuk, S."]
[Black "Llaneza Vega, M."]
[Result "1-0"]
[WhiteElo "2652"]
[BlackElo "2445"]
[PlyCount "85"]
[EventDate "2008.02.16"]
[Source "www.chesslib.no"]
[SourceDate "2004.05.04"]

1. e4 c5 2. Nf3 Nf6 3. e5 Nd5 4. Nc3 e6 5. Ne4 f5 6. Nc3 Nxc3 7. dxc3 d5 8. exd6 Qxd6 9. Be3 Nc6 10. Bb5 Bd7 11. Qxd6 Bxd6 12. O-O-O Be7 13. Ng5 Bxg5 14. Bxg5 a6 15. Be2 Ne5 16. Rhe1 Nf7 17. Be3 b6 18. Bf3 Rc8 19. Bb7 Rb8 20. Bxa6 Ra8 21. Bc4 Ne5 22. Bf1 Ng4 23. a3 Nxh2 24. Bd3 Ng4 25. Bxf5 exf5 26. Bg5+ Kf7 27. Rxd7+ Kg6 28. Bf4 Rhe8 29. Rd6+ Kf7 30. Rxe8 Rxe8 31. f3 Nf6 32. Rxb6 Re2 33. Rb7+ Kg6 34. a4 Rxg2 35. a5 Rg1+ 36. Kd2 Ra1 37. b4 cxb4 38. cxb4 h5 39. Rb6 h4 40. a6 h3 41. b5 Kh7 42. Rxf6 gxf6 43. b6 1-0

[Event "NED Team Ch 9596"]
[Site "NED"]
[Date "1995.??.??"]
[Round "?"]
[White "Bosch, Jeroen"]
[Black "Piket, Jeroen"]
[Result "1/2-1/2"]
[WhiteElo "2425"]
[BlackElo "2670"]
[PlyCount "101"]
[EventDate "1995.??.??"]
[Source "www.chesslib.no"]
[SourceDate "2004.05.04"]

1. e4 c5 2. Nf3 Nf6 3. Nc3 Nc6 4. d4 d5 5. exd5 Nxd5 6. Nxd5 Qxd5 7. Be3 cxd4 8. Nxd4 Bd7 9. Nb5 Qe5 10. Qd5 Qxd5 11. Nc7+ Kd8 12. Nxd5 e6 13. Nc3 Bb4 14. O-O-O Bxc3 15. bxc3 Kc7 16. Bc5 Rad8 17. Bd6+ Kc8 18. Be2 Rhe8 19. Bh5 g6 20. Bf3 Ne7 21. Rd4 Bc6 22. Bxe7 Rxe7 23. Bxc6 bxc6 24. Rhd1 Red7 25. R4d3 Kc7 26. Kd2 Rd5 27. Rb1 h5 28. h4 e5 29. Ke3 Rc5 30. Rxd8 Kxd8 31. Rb7 Rxc3+ 32. Kd2 Rc4 33. Rxf7 Rxh4 34. g3 Rd4+ 35. Ke3 a5 36. Rf6 Kd7 37. Rxg6 h4 38. c3 Ra4 39. gxh4 Rxh4 40. f3 Ra4 41. Rg2 Kd6 42. Kd3 Kd5 43. Rg5 Rf4 44. Ke3 c5 45. Rg4 Kc4 46. Kd2 a4 47. Rxf4+ exf4 48. Kc2 a3 49. Kd2 Kd5 50. Kd3 c4+ 51. Ke2 1/2-1/2

[Event "JUG-chT"]
[Site "Niksic"]
[Date "1997.??.??"]
[Round "6"]
[White "Kotronias, Vasilios"]
[Black "Tseshkovsky, Vitaly"]
[Result "1/2-1/2"]
[WhiteElo "2585"]
[BlackElo "2500"]
[PlyCount "97"]
[EventDate "1997.08.27"]
[Source "ChessBase"]
[SourceDate "1997.09.26"]

1. e4 c5 2. Nf3 Nf6 3. Nc3 e6 4. d4 d5 5. Bg5 dxe4 6. Nxe4 cxd4 7. Bb5+ Nc6 8. Nxd4 Bd7 9. Nxc6 bxc6 10. Be2 Qa5+ 11. Bd2 Qe5 12. Nxf6+ Qxf6 13. Bc3 Qg5 14. O-O Rd8 15. Qd4 c5 16. Qe4 Qd5 17. Qe3 Qb7 18. Bh5 Be7 19. Qg3 Rg8 20. Rfe1 g6 21. Bf3 Bc6 22. Bxc6+ Qxc6 23. Rad1 Rxd1 24. Rxd1 f6 25. Qh4 Kf7 26. Qxh7+ Rg7 27. Qh4 g5 28. Qh5+ Rg6 29. Qh7+ Rg7 30. Qd3 Rg8 31. h3 Rb8 32. b3 a6 33. f3 c4 34. Qd7 Qc5+ 35. Bd4 Qf5 36. c3 cxb3 37. axb3 Rd8 38. Qc7 e5 39. Re1 Qd7 40. Qxd7 Rxd7 41. Bf2 Rd3 42. Re4 Ba3 43. Re2 Rd1+ 44. Kh2 Bd6 45. g3 a5 46. Bb6 Rb1 47. Bxa5 Rxb3 48. Kg2 Bc5 49. Bb4 1/2-1/2

[Event "Essent Open"]
[Site "Hoogeveen"]
[Date "2004.10.20"]
[Round "6"]
[White "Baklan, Vladimir"]
[Black "Van der Wiel, John TH"]
[Result "1/2-1/2"]
[WhiteElo "2591"]
[BlackElo "2493"]
[PlyCount "71"]
[EventDate "2004.10.15"]
[Source "Roberto Alvarez"]
[SourceDate "2004.10.25"]

1. e4 c5 2. Nf3 Nf6 3. e5 Nd5 4. g3 e6 5. Bg2 Be7 6. O-O O-O 7. d4 cxd4 8. Nxd4 Nc6 9. c4 Nb6 10. Nxc6 bxc6 11. Qe2 f6 12. b3 fxe5 13. Bb2 Bf6 14. Nd2 Qc7 15. Rfe1 a5 16. Bxe5 Bxe5 17. Qxe5 Qxe5 18. Rxe5 a4 19. b4 a3 20. Rb1 Ra4 21. Re3 d5 22. c5 Na8 23. Nf3 Nc7 24. Ne5 Ba6 25. Nxc6 Bc4 26. Bf1 Bxa2 27. Ra1 d4 28. Nxd4 Bd5 29. Nc2 a2 30. b5 Ra5 31. Na3 Rfa8 32. b6 Rxc5 33. bxc7 Rxc7 34. Nb5 Rc2 35. Nc3 Rb8 36. Nxa2 1/2-1/2

[Event "CCOL10 fin 8893"]
[Site "CCOL10 fin 8893"]
[Date "1988.??.??"]
[Round "?"]
[White "Stern, W/Handel"]
[Black "Korolev, Sergey Ivanovich"]
[Result "0-1"]
[WhiteElo "2460"]
[BlackElo "2610"]
[PlyCount "80"]
[EventDate "1988.??.??"]
[Source "www.chesslib.no"]
[SourceDate "2004.05.04"]

1. e4 c5 2. Nf3 Nf6 3. e5 Nd5 4. d4 cxd4 5. Qxd4 e6 6. g3 Qc7 7. Qe4 b6 8. Bg2 Bb7 9. c4 b5 10. Nfd2 Bc6 11. Qe2 Nb6 12. Bxc6 Nxc6 13. O-O bxc4 14. Nf3 Bc5 15. Bf4 O-O 16. Nc3 Nb4 17. Ng5 Nd3 18. Qh5 h6 19. Nge4 Be7 20. Rad1 Nxf4 21. gxf4 f5 22. Nd6 Bxd6 23. Rxd6 Kh7 24. Rfd1 Rae8 25. Qf3 Re7 26. h3 Rg8 27. Kh2 g5 28. Rg1 Reg7 29. Rg3 Nc8 30. Rd2 gxf4 31. Rxg7+ Rxg7 32. Qxf4 Ne7 33. Qe3 Ng6 34. f4 Nh4 35. Rf2 d6 36. exd6 Qxd6 37. Ne2 Qc6 38. Ng3 Rd7 39. Qe2 Rd3 40. Qh5 Ng6 0-1

[Event "Moscow RUS"]
[Site "?"]
[Date "2004.02.24"]
[Round "8"]
[White "Skatchkov Pavel"]
[Black "Belozerov Andrei"]
[Result "0-1"]
[WhiteElo "2516"]
[BlackElo "2548"]
[PlyCount "74"]
[EventDate "2004.??.??"]
[Source "www.chesslib.no"]
[SourceDate "2004.05.04"]

1. e4 c5 2. Nf3 Nf6 3. e5 Nd5 4. Nc3 Nxc3 5. dxc3 Nc6 6. Bf4 e6 7. Bd3 b6 8. Qe2 Bb7 9. O-O-O Qc7 10. Ba6 Be7 11. Bxb7 Qxb7 12. Nd2 b5 13. Ne4 c4 14. Qg4 O-O-O 15. Bg5 Nxe5 16. Bxe7 Nxg4 17. Nd6+ Kc7 18. Bxd8+ Rxd8 19. Nxb7 Kxb7 20. Rd4 Nf6 21. f3 d5 22. Re1 Kc6 23. b3 Kd6 24. Kb2 Rb8 25. b4 a5 26. a3 a4 27. Kc1 Rg8 28. g4 Rh8 29. h4 h5 30. g5 Ne8 31. Kd1 Kd7 32. Ke2 Nd6 33. Kf2 Nf5 34. Rd2 Nxh4 35. Ra1 Kd6 36. Re2 Ng6 37. Ke3 e5 0-1

[Event "6. EICC"]
[Site "?"]
[Date "2005.06.29"]
[Round "11"]
[White "Lopez Martinez Josep Manuel"]
[Black "Anastasian Ashot"]
[Result "0-1"]
[WhiteElo "2488"]
[BlackElo "2574"]
[PlyCount "149"]
[EventDate "2005.??.??"]
[Source "www.chesslib.no"]
[SourceDate "2004.05.04"]

1. e4 c5 2. Nf3 Nf6 3. e5 Nd5 4. Nc3 Nxc3 5. dxc3 Nc6 6. Bf4 e6 7. Bd3 h6 8. Qe2 b6 9. O-O-O Bb7 10. Kb1 Qc7 11. Nd2 d5 12. c4 d4 13. g4 O-O-O 14. Bg3 g5 15. Rhe1 Bg7 16. h3 Kb8 17. Nf3 Bf8 18. Rf1 Bg7 19. a3 a6 20. Rde1 Ne7 21. h4 gxh4 22. Nxh4 Rdg8 23. Nf5 exf5 24. gxf5 Bf8 25. e6 Rxg3 26. fxg3 f6 27. Qh5 Nc8 28. g4 Rg8 29. Be4 Bxe4 30. Rxe4 Nd6 31. Re2 Be7 32. Qxh6 Rxg4 33. Rh2 Nxc4 34. Rfh1 Nd6 35. Qh8+ Qc8 36. Qh3 Rg7 37. Qf1 b5 38. Rh8 Rg8 39. R8h7 Qc7 40. Qf3 Nc8 41. R1h6 Qg3 42. Qxg3+ Rxg3 43. Rg6 Rf3 44. Rg8 Rf1+ 45. Ka2 Kc7 46. Re8 Rxf5 47. Rhh8 Kd6 48. Rxc8 Kxe6 49. Rc6+ Bd6 50. Rxa6 c4 51. Re8+ Kd7 52. Re2 Rd5 53. Rd2 Bf4 54. Rd1 Be5 55. Rh1 Bd6 56. Rb1 f5 57. Rc1 f4 58. Ra7+ Kc6 59. Rf7 Rg5 60. Rd1 Be5 61. Rh7 Kd5 62. Re1 Rf5 63. Rh3 f3 64. Rf1 Ke4 65. Rh4+ Bf4 66. Re1+ Kd5 67. Rf1 Be3 68. Rg4 d3 69. cxd3 cxd3 70. a4 f2 71. Rb4 bxa4 72. Rxa4 Rf8 73. Ra3 Ke4 74. Ra4+ Kf3 75. Ra3 0-1

[Event "ch-SRB"]
[Site "Mataruska Banja SRB"]
[Date "2008.03.23"]
[Round "8"]
[White "Perunovic, Mil"]
[Black "Drazic, S."]
[Result "1-0"]
[WhiteElo "2570"]
[BlackElo "2489"]
[PlyCount "123"]
[EventDate "2008.03.15"]
[Source "www.chesslib.no"]
[SourceDate "2004.05.04"]

1. e4 c5 2. Nf3 Nf6 3. Nc3 d5 4. exd5 Nxd5 5. Bb5+ Bd7 6. Qe2 Nf6 7. Ne5 e6 8. Nxd7 Nbxd7 9. d3 a6 10. Ba4 Qc7 11. Bg5 b5 12. Bb3 Bd6 13. Nd5 Nxd5 14. Bxd5 Rc8 15. Be4 Bf4 16. Bxf4 Qxf4 17. a4 O-O 18. axb5 axb5 19. O-O Rc7 20. Ra5 Rb8 21. Rfa1 g6 22. Qe3 Qe5 23. R1a2 b4 24. b3 Rd8 25. g3 Nf6 26. Bf3 Qd4 27. Ra7 Qd7 28. Ra8 Rcc8 29. R8a7 Rc7 30. Ra8 Rdc8 31. Qe5 Kg7 32. Rxc8 Rxc8 33. Ra4 Qc7 34. Qa1 Qd6 35. h4 h5 36. Kg2 e5 37. Ra7 Rc7 38. Ra8 Re7 39. Rc8 Rc7 40. Rb8 Qe7 41. Qa6 Qd7 42. Ra8 Nd5 43. Qa1 Nc3 44. Qa5 Nb5 45. Qb6 Nd6 46. Ra6 Nf5 47. Qf6+ Kh7 48. Ra8 Ng7 49. Qxe5 Ra7 50. Qxc5 Rxa8 51. Bxa8 Nf5 52. Qxb4 Qc8 53. Qb7 Qe8 54. Qe4 Qc8 55. c4 Qb8 56. Bd5 Kg7 57. c5 Qc7 58. b4 Ne7 59. Qd4+ f6 60. Be4 Kf7 61. b5 Qa5 62. b6 1-0

[Event "Sukhumi"]
[Site "Sukhumi GEO"]
[Date "1972.08.17"]
[Round "2"]
[White "Savon, Vladimir A"]
[Black "Kirov, Nino"]
[Result "1-0"]
[WhiteElo "2595"]
[BlackElo "2450"]
[PlyCount "67"]
[EventDate "1972.08.16"]
[Source "www.chesslib.no"]
[SourceDate "2004.05.04"]

1. e4 c5 2. Nf3 Nf6 3. e5 Nd5 4. d4 cxd4 5. Qxd4 e6 6. Bc4 Nc6 7. Qe4 d6 8. exd6 Nf6 9. Qe2 Bxd6 10. O-O Qc7 11. Nc3 a6 12. Re1 O-O 13. Ne4 Nxe4 14. Qxe4 Ne5 15. Ng5 Ng6 16. h4 b5 17. Bd3 h6 18. h5 f5 19. Qxa8 Bb7 20. Nxe6 Qc6 21. Qxb7 Qxb7 22. hxg6 Rf6 23. Nf4 Kf8 24. Re2 Bxf4 25. Bxf4 Rxg6 26. g3 Qf3 27. Re5 Rf6 28. Bxf5 g5 29. Be4 Qe2 30. Be3 h5 31. Bc5+ Kg7 32. Rxg5+ Kf7 33. Bd5+ Ke8 34. Bd4 1-0

[Event "Catania Open"]
[Site "Catania"]
[Date "1995.??.??"]
[Round "6"]
[White "Sax, Gyula"]
[Black "Bouaziz, Slim"]
[Result "1-0"]
[WhiteElo "2535"]
[BlackElo "2510"]
[PlyCount "79"]
[EventDate "1995.08.??"]
[Source "www.chesslib.no"]
[SourceDate "2004.05.04"]

1. e4 c5 2. Nf3 Nf6 3. e5 Nd5 4. Nc3 e6 5. Ne4 f5 6. Nc3 Nxc3 7. dxc3 Qc7 8. Bf4 Nc6 9. h4 b6 10. Qd2 Bb7 11. O-O-O a6 12. Be2 Ne7 13. h5 Nd5 14. Bg3 c4 15. Nd4 Ne7 16. Bf3 Bxf3 17. Nxf3 Nc6 18. Bf4 Be7 19. Rhg1 Rf8 20. g4 O-O-O 21. Kb1 fxg4 22. Rxg4 Rf7 23. Ng5 Bxg5 24. Bxg5 Rdf8 25. f4 Rf5 26. h6 g6 27. Qe3 R8f7 28. a3 Kb7 29. Rd6 b5 30. Rg2 Qb6 31. Qe4 Kc7 32. Rgd2 Qb7 33. Rd1 a5 34. R1d2 a4 35. Rd1 Qb6 36. Bd8+ Kxd8 37. Rxc6 Qb7 38. Qg2 Rxf4 39. Qg5+ Ke8 40. Rxe6+ 1-0